| 000 | 00682cad a22002055a 4500 | ||
|---|---|---|---|
| 001 | L160054 | ||
| 008 | 150226s2018 xxk f 000 0 eng d | ||
| 035 | _a(Sirsi) u160054 | ||
| 041 | 0 | _aeng | |
| 100 | 1 | _aBull, G. | |
| 245 | 0 | 0 | _aIn a field of one |
| 260 | _c2018 | ||
| 490 |
_aModus _vApril 2018, 30-33(4) |
||
| 520 | _aAsks how to make sure that the rural communities can still thrive even as their populations decline due to the urbanisation and shifting demographics which are transforming the economic landscape of the countryside. | ||
| 590 | _aKA | ||
| 650 | 2 | 4 | _aGREEN BELTS |
| 650 | 2 | 4 | _aGREEN BELT POLICY |
| 690 |
_aPlanning and development _96259 |
||
| 942 | _n0 | ||
| 999 |
_c85163 _d85163 |
||